LEADER 00833nam0-2200301---450- 001 990008392300403321 005 20061005104945.0 035 $a000839230 035 $aFED01000839230 035 $a(Aleph)000839230FED01 035 $a000839230 100 $a20061005d1989----km-y0itay50------ba 101 0 $aita 102 $aIT 105 $a--------001yy 200 1 $aCriteri generali per la sicurezza$fClaudio Cerruti coord. generale 210 $aMilano$cDe Lettera$dc1989 215 $a104 p.$d29 cm 225 1 $aEdilizia per la ricerca$v8 610 0 $aSicurezza edilizia 702 1$aCerruti,$bClaudio 801 0$aIT$bUNINA$gRICA$2UNIMARC 901 $aBK 912 $a990008392300403321 952 $aTECN C 254$b2116$fFARBC 959 $aFARBC 996 $aCriteri generali per la sicurezza$9724447 997 $aUNINA LEADER 00976nam--2200361---450- 001 990001234120203316 005 20050623085525.0 035 $a000123412 035 $aUSA01000123412 035 $a(ALEPH)000123412USA01 035 $a000123412 100 $a20031103d1955----km-y0itay0103----ba 101 0 $afre 102 $aFR 105 $a||||||||001yy 200 1 $aPolémique$fRaymond Aron 210 $aParis$cGallimard$d1955 215 $a247 p.$d19 cm 225 2 $a<> Essays$v71 410 0$12001$a<> Essays$v71 454 1$12001 461 1$1001-------$12001 700 1$aARON,$bRaymond$045642 801 0$aIT$bsalbc$gISBD 912 $a990001234120203316 951 $aII.1.D. 2404(IV-C-1520)$b31212 L.M.$cIV-C 959 $aBK 969 $aUMA 979 $aSIAV7$b10$c20031103$lUSA01$h1324 979 $aPATRY$b90$c20040406$lUSA01$h1728 979 $aCOPAT5$b90$c20050623$lUSA01$h0855 996 $aPolémique$9987662 997 $aUNISA